Dutch Prime Ministers after WOII Quiz Stats

 Plays Quiz not verified by Sporcle

Challenge
Share
Tweet
Embed
Score 0/16 Timer 10:00
0 Plays Today
Ruling period Dutch Prime Minister % Correct
2010 - hedenMark Rutte
95.4%
2002 - 2010Jan Peter Balkenende
94.8%
1994 - 2002Wim Kok
92.5%
1982 - 1994Ruud Lubbers
89.8%
1948 - 1958Willem Drees
83.9%
1977 - 1982Dries van Agt
83%
1973 - 1977Joop den Uyl
81.6%
1967 - 1971Piet de Jong
56.4%
Ruling period Dutch Prime Minister % Correct
1971 - 1973Barend Biesheuvel
56.1%
1946 - 1948Louis Beel
47.2%
1958 - 1959Louis Beel
47.2%
1966 - 1967Jelle Zijlstra
44.9%
1945 - 1946Wim Schermerhorn
44.6%
1965 - 1966Jo Cals
43.6%
1959 - 1963Jan de Quay
41.6%
1963 - 1965Victor Marijnen
38%

You're not logged in!

Compare scores with friends on all Sporcle quizzes.
Join for Free
OR
Log In

You Might Also Like...

Show Comments

Extras

Top Quizzes Today


Score Distribution

Your Account Isn't Verified!

In order to create a playlist on Sporcle, you need to verify the email address you used during registration. Go to your Sporcle Settings to finish the process.

Report this User

Report this user for behavior that violates our Community Guidelines.

Details: